00489nam a22001457a 450000500170000001000170001702000260003403700200006008200150008010000230009524501050011826000420022327000580026530000200032320130802152847.0 aB-522424-436 a9789380231846c240.00 adplbUBH/vendor a342.540662 aMalik, Krishna Pal aRight to Information:cby Krishna Palbthe right to information act, 2005 with rules and guidelines/ aFaridabadbAllahabad law agencyc2013 a1559, Outram Lines, Near Kingsway CampbDelhie110007 a288p.c24cm(pbk